000 00950cam a2200313 a 4500
008 040927s2004 fr b 000 0 fre d
010 _a 2004545444
020 _a2020622572
040 _aTZT
_cTZT
_dAUXAM
_dUAT
_dDLC
043 _ae-fr---
050 0 0 _aPQ653
_b.D84 2004
082 0 0 _a843.709
_222
092 0 4 _a843.709
_bD861
_221
099 _a04
_a843.709 D861
100 1 _aDufour, Philippe,
_d1961-
245 1 3 _aLa pensee romanesque du langage /
_cPhilippe Dufour.
260 _aParis :
_bSeuil,
_cc2004.
300 _a319, [6] p. ;
_c21 cm.
440 0 _aPoetique
504 _aIncludes bibliographical references (p. 309-[320]).
650 0 _aDiscourse analysis, Narrative.
650 0 _aFrench fiction
_y19th century
_xHistory and criticism.
650 0 _aFrench language
_xStyle.
902 _a1
905 _aEman
_eRev.
905 _aJamal
_eCat.
942 _2ddc
_cBK
999 _c133435
_d133435